000
00304nam a2200145Ia 4500
100
_a
Murthy/ Srinivas/N.C
942
_c
BK
654
_a
Mathematics
245
_a
Applied Mathematics
260
_b
S.Chand & co
_a
Pune
_c
2001
082
_a
510
_b
MUR
300
_a
720
546
_a
ENGLISH
999
_c
32521
_d
32521